Ainoat kaksi pääkaupunkia ... - Statistics

Yleistilastot
  • Tätä visaa on pelattu 573 kertaa
    555 viimeisimmän päivityksen jälkeen
  • Keskiarvotulos 14 / 20
Vastaustilastot
Ainoat kaksi pääkaupunkia, ... Pääkaupungit % Oikein
jotka ovat myös EU:n pääkaupunkeja Bryssel | Luxemburg
93%
jotka mainitaan Vanhassa testamentissa Damaskos | Jerusalem
88%
jotka on nimetty Yhdysvaltojen presidentin mukaan Washington DC | Monrovia
88%
jotka sijaitsevat pohjoisempana kuin 60° pohjoista leveyttä Reykjavík | Helsinki
86%
joiden nimi alkaa K-kirjaimella ja jotka ovat Euroopassa Kiova | Kööpenhamina
80%
jotka sijaitsevat Välimeren saarella Nikosia | Valletta
77%
jotka ovat Tyynenmeren rannikolla Pohjois- tai Etelä-Amerikassa Lima | Panama
76%
joiden väkiluku oli yli 300 000 vuonna 1500 jaa. Peking | Kairo
76%
jotka sijaitsevat merenpinnan alapuolella Baku | Amsterdam
71%
joiden etäisyys kaikista muista pääkaupungeista on vähintään 2000 km Canberra | Wellington
67%
joiden nimi alkaa S-kirjaimella ja jotka ovat Etelä-Amerikassa Santiago | Sucre
67%
joiden nimi päättyy "est" Bukarest | Budapest
65%
jotka sijaitsevat yli 400 kilometrin päässä lähimmästä valtionrajasta tai lähimmästä merestä Brasilia | Moskova
64%
jotka sijaitsevat Himalajalla Kathmandu | Thimphu
62%
jotka sijaitsevat Río de la Platan alueella Buenos Aires | Montevideo
55%
joiden nimi päättyy "ville" Brazzaville | Libreville
53%
joiden nimessä on tasan viisi kirjainta, joista kaksi on O Rooma | Tokio
53%
joilla on maarajaa toistensa kanssa Rooma | Vatikaani
52%
jotka sijaitsevat samalla saarella Port-au-Prince | Santo Domingo
50%
jotka sijaitsevat Mekongjoen varrella Vientiane | Phnom Penh
43%
Ehtoja vastaavia visoja ei löytynyt
Tulosjakauma
Jokaisen tuloksen saaneiden osuus
Persentiili vastausten määrän mukaan
Tuloshistoriasi
Et ole pelannut tätä visaa sen viimeisimmän päivityksen jälkeen